00229nam a2200085Ia 4500008004100000041000800041100001900049245004000068260003500108241105s9999 xx 000 0 und d aeng aBhagwat Shrita aCentre For Mahanubhavpanth At Mahur bFinal Year B. Arch, BNCAc2014